| 000 | 00792nam a2200205 a 4500 | ||
|---|---|---|---|
| 001 | 53450 | ||
| 005 | 20180714043716.0 | ||
| 008 | 140415s1997 sp 000 0 spa d | ||
| 020 | _a842541945X | ||
| 041 | _aspa | ||
| 082 |
_a859 _bALB |
||
| 100 | 1 | _aALBRECHT, MICHAEL VON | |
| 245 | 1 | 0 |
_aHISTORIA DE LA LITERATURA ROMANA : _bDESDE ANDRONICO HASTA BOECIO |
| 250 | _a1a ed. | ||
| 260 |
_aESPAÑA : _bHERDER, _c1997 |
||
| 300 |
_a2 _c15 x 4.3 x 22.2 |
||
| 520 | _aLA PRESENTE OBRA SE DIRIGE A LOS PROFESORES Y ESTUDIANTES DE LENGUAS ANTIGUAS Y MODERNAS, ASI COMO A TODOS LOS INTERESADOS EN LA LITERATURA Y LA HISTORIA DEL PENSAMIENTO. | ||
| 650 | 1 | 4 |
_aLITERATURA HISTORIA Y CRITICA _xLITERATURA ROMANICA _xLITERATURA ANTIGUA |
| 740 | _aGESCHICHTE DER RÖMISCHEN LITERATUR | ||
| 999 |
_c53450 _d53450 |
||